000 00288nam a22001337a 4500
008 180913b xxu||||| |||| 00| 0 eng d
020 _a9780130617972
041 _aeng
080 _24 ED
_a338
100 _a54
101 _aMAN
245 _aManagement
_cRobbins.S.P
942 _2udc
_cBK
999 _c47733
_d47733